00432nas a2200193 4500000000100000008004100001260001300042653001300055653001600068653001100084653001900095653001200114653000900126100001900135245005200154300001100206490000700217022001400224 1970 d c1970 Aug10aCollagen10aHexosamines10aHumans10aHydroxyproline10aleprosy10aSkin1 aBalakrishnan S00aSome aspects of collagen metabolism in leprosy. a1044-90 v58 a0971-5916